Pedagogika, andragogika a multikulturalita
Enregistré dans:
| Auteur principal: | |
|---|---|
| Collectivité auteur: | |
| Format: | Livre |
| Langue: | tchèque slovaque |
| Publié: |
Praha
RADIX
2012
|
| Sujets: | |
| Tags: |
Pas de tags, Soyez le premier à ajouter un tag!
|
MARC
| LEADER | 00000nam a2200000 4500 | ||
|---|---|---|---|
| 001 | 0222327 | ||
| 005 | 20231215114655.0 | ||
| 020 | |a 978-80-86798-07-3 | ||
| 041 | 0 | |a cze | |
| 041 | 0 | |a slo | |
| 044 | |a CZ | ||
| 245 | 1 | 0 | |a Pedagogika, andragogika a multikulturalita |c Jaroslav Balvín |
| 264 | 1 | |a Praha |b RADIX |c 2012 | |
| 300 | |a 232 s. | ||
| 610 | 2 | 0 | |a pedagogika |
| 610 | 2 | 0 | |a andragogika |
| 610 | 2 | 0 | |a multikulturalizmus |
| 610 | 2 | 0 | |a výchova |
| 610 | 2 | 0 | |a vzdelávanie |
| 610 | 2 | 0 | |a národnosti |
| 610 | 2 | 0 | |a kultúra |
| 610 | 2 | 0 | |a etika sociálna |
| 610 | 2 | 0 | |a tolerancia |
| 610 | 2 | 0 | |a pluralizmus |
| 610 | 2 | 0 | |a Rómovia |
| 100 | 1 | |a Balvín, Jaroslav | |
| 710 | 2 | |a Hnutí R | |